| 000 | 00705cam a2200241 4500 | ||
|---|---|---|---|
| 001 | 2629 | ||
| 005 | 20181127165409.0 | ||
| 007 | cr_||||||||||| | ||
| 008 | 990212s1999 enk b 001 0 eng d | ||
| 010 | _a 99200362 | ||
| 020 | _a0203258665 | ||
| 020 | _a041519833X | ||
| 020 | _a0415198348 | ||
| 043 | _aa------ | ||
| 100 | 1 | _aGodement, Francois. | |
| 245 | 1 | 4 |
_aThe downsizing of Asia / _cFrancois Godement. |
| 260 |
_aLondon ; _aNew York : _bRoutledge, _c1999. |
||
| 300 |
_a245 p. ; _c22 cm. |
||
| 504 | _aIncludes bibliographical references (p. [231]-235) and index. | ||
| 650 | 0 |
_aCapital market _zAsia. |
|
| 650 | 0 |
_aFinancial crises _zAsia. |
|
| 651 | 0 |
_aAsia _xEconomic conditions _y1945- |
|
| 999 |
_c2093 _d2093 |
||